000 00615nam a2200229Ia 4500
003 OSt
005 20221007065153.0
006 a|||||r|||| 00| 0
007 ta
008 221006b |||||||| |||| 00| 0 eng d
024 _a19,788
037 _cTextual
040 _aFLL
_cFLL
_beng
041 _2eng
_aeng
082 _aV2:2:Z, L5.1
100 _aSeervai H.M. Au.
245 0 _aConstitutional law of india
260 _aDelhi
_bUniversal law publishing co. pvt. ltd. India
_c1975
300 _a748p
_ccm.
942 _hV2:2:Z, L5.1
_cTEXL
_2CC
999 _c1136506
_d1136506